<?xml version="1.0" encoding="UTF-8"?>
<marc:record xmlns:marc="http://www.loc.gov/MARC21/slim">
   <marc:leader>00000nam a2200000 a 4500</marc:leader>
   <marc:datafield ind1="1" ind2=" " tag="100">
      <marc:subfield code="a">Gillespie, Jacqueline</marc:subfield>
      <marc:subfield code="4">aut</marc:subfield>
      <marc:subfield code="e">Verfasser/-in</marc:subfield>
   </marc:datafield>
   <marc:datafield ind1="0" ind2="0" tag="245">
      <marc:subfield code="a">Schindeln am Dach</marc:subfield>
   </marc:datafield>
   <marc:datafield ind1="0" ind2="0" tag="245">
      <marc:subfield code="b">Ein Schneeberg-Krimi</marc:subfield>
   </marc:datafield>
   <marc:datafield ind1=" " ind2="1" tag="264">
      <marc:subfield code="b">haymon</marc:subfield>
      <marc:subfield code="c">2017</marc:subfield>
   </marc:datafield>
   <marc:datafield ind1="1" ind2=" " tag="490">
      <marc:subfield code="a">Patrick Sandor</marc:subfield>
   </marc:datafield>
   <marc:datafield ind1="1" ind2=" " tag="520">
      <marc:subfield code="a">Verhängnisvolle Schüsse im Jagdrevier: Bei der Wildfütterung am Fuße des Schneebergs wird eine Leiche gefunden: der Goldbacher:-Leonhard, der beliebte und fesche Verwalter von Schloss Fürchtenbert. Wildererdrama? Tödlicher Streit um Grundstücksgrenzen? Mord aus Eifersucht? Fragen über Fragen für Doktor Patrick Sandor und Kriminalinspektor Müller aus Wien und eine alteingesessene Dorfbewohnerin, die ihnen mit Rat, Tat und Hausverstand zur Seite steht.</marc:subfield>
   </marc:datafield>
   <marc:datafield ind1=" " ind2=" " tag="020">
      <marc:subfield code="a">9783852189550</marc:subfield>
      <marc:subfield code="9">9783852189550</marc:subfield>
   </marc:datafield>
</marc:record>
